Linear programming and economic analysis

Wedi'i Gadw mewn:
Manylion Llyfryddiaeth
Prif Awdur: Dorfman, Robert
Fformat: Llyfr
Iaith:Undetermined
Cyhoeddwyd: London McGraw-Hill Kogakusha, Ltd. 1958
Pynciau:
Tagiau: Ychwanegu Tag
Dim Tagiau, Byddwch y cyntaf i dagio'r cofnod hwn!
Thư viện lưu trữ: Trung tâm Học liệu Trường Đại học Cần Thơ
LEADER 00521nam a2200181Ia 4500
001 CTU_78723
008 210402s9999 xx 000 0 und d
082 |a 330.182 
082 |b D719 
100 |a Dorfman, Robert 
245 0 |a Linear programming and economic analysis 
245 0 |c Robert Dorfman 
260 |a London 
260 |b McGraw-Hill Kogakusha, Ltd. 
260 |c 1958 
650 |a Economics,Input-output analysis 
650 |x Mathematical models 
980 |a Trung tâm Học liệu Trường Đại học Cần Thơ